The criminal tribes of India / (Record no. 56030)

MARC details
000 -LEADER
fixed length control field 01557nam a22002537a 4500
005 - DATE AND TIME OF LATEST TRANSACTION
control field 20110826161214.0
010 ## - LCCN (DPL NO)
LC control number B-442815-819
020 ## - INTERNATIONAL STANDARD BOOK NUMBER
International Standard Book Number 9789380748115
Terms of availability 950.00
035 ## - SYSTEM CONTROL NUMBER
System control number B-442815-819
037 ## - SOURCE OF ACQUISITION
Source of stock number/acquisition RBC/Ven
082 ## - DEWEY DECIMAL CLASSIFICATION NUMBER
Classification number 364.30954
100 ## - MAIN ENTRY--PERSONAL NAME
Personal name Srivastava, Anup
245 ## - TITLE STATEMENT
Title The criminal tribes of India /
Statement of responsibility, etc by Anup Srivastava
260 ## - PUBLICATION, DISTRIBUTION, ETC. (IMPRINT)
Place of publication, distribution, etc New Delhi
Name of publisher, distributor, etc Mohit Books International
Date of publication, distribution, etc 2011
300 v# - PHYSICAL DESCRIPTION
Extent vii, 288p.
Dimensions 23cm. (Hb)
500 ## - GENERAL NOTE
General note Includes bibliographic references and index
942 ## - ADDED ENTRY ELEMENTS (KOHA)
Source of classification or shelving scheme Dewey Decimal Classification
Item type English Books
Classification part 364.30954
Call number suffix SRI
Holdings
Withdrawn status Lost status Not for loan Collection code Home library Current library Date acquired Source of acquisition Cost, normal purchase price Full call number Barcode Copy number Cost, replacement price Koha item type
      Non-fiction Central Library Central Library 06/09/2011 RBC-25814/2011-12/12.7.11/76/4.3.11/18.7.11 950.00 364.30954 SRI B-442815 1 950.00 English Books
      Non-fiction Karol Bagh Karol Bagh 06/09/2011 RBC-25814/2011-12/12.7.11/76/4.3.11/18.7.11 950.00 364.30954 SRI B-442818 1 950.00 English Books
      Non-fiction Patel Nagar Patel Nagar 06/09/2011 RBC-25814/2011-12/12.7.11/76/4.3.11/18.7.11 950.00 364.30954 SRI B-442816 1 950.00 English Books
      Non-fiction Sarojini Nagar Sarojini Nagar 06/09/2011 RBC-25814/2011-12/12.7.11/76/4.3.11/18.7.11 950.00 364.30954 SRI B-442817 1 950.00 English Books
      Non-fiction Shahdara Branch Shahdara Branch 06/09/2011 RBC-25814/2011-12/12.7.11/76/4.3.11/18.7.11 950.00 364.30954 SRI B-442819 1 950.00 English Books

© Delhi Public Library
Hit Counter
free hit counter